Fortnite OG items by pictures - Statistics

General Stats
  • This quiz has been taken 791 times
    366 since last reset
  • The average score is 27 of 49
Answer Stats
Picture Answer % Correct
Scar
99%
Assault Rifle
97%
Pump Shotgun
88%
Tactical Shotgun
87%
Pistol
86%
Revolver
86%
Burst Assault Rifle
84%
Heavy Shotgun
84%
Scoped Assault Rifle
81%
Hand Cannon
75%
Heavy Sniper Rifle
74%
Rocket Launcher
71%
Grenade
70%
Grenade Launcher
70%
Minigun
70%
Submachine Gun
70%
Med Kit
68%
Remote Explosives
68%
Tactical Assault Rifle
68%
Bandages
65%
Boogie Bomb
65%
Tactical Submachine Gun
65%
Suppressed Pistol
63%
Bolt-Action Sniper Rifle
60%
Impulse Grenade
60%
Crossbow
59%
Clinger
58%
Suppressed Submachine Gun
57%
Damage Trap
56%
Semi-Auto Sniper Rifle
56%
Smoke Grenade
56%
Slurp Juice
55%
Chug Jug
54%
Cozy Campfire
44%
Jetpack
43%
Launch Pad
43%
Port-a-Fort
41%
Shield Potion
40%
Small Shield Potion
30%
Zapotron
27%
Rockets
21%
Medium Bullets
17%
Heavy Bullets
14%
Shells
11%
Ceiling Zapper
9%
Light Bullets
9%
Wall Dynamo
7%
Jump Pad (directional)
6%
Jump Pad (up)
2%
No matching quizzes found
Score Distribution
Percent of People with Each Score
Percentile by Number Answered
Your Score History
You have not taken this quiz since the last reset